| 000 | 00739nam a22001697a 4500 | ||
|---|---|---|---|
| 999 |
_c64007 _d64007 |
||
| 005 | 20260306180227.0 | ||
| 008 | 260306s2007 enk||||| |||| 00| 0 eng d | ||
| 020 | _a9780801474903x | ||
| 041 | _aeng | ||
| 080 | _a351.865 : 355.015:327(520) S-19 | ||
| 100 |
_aSamuels, Richard J. _926993 |
||
| 245 |
_aSecuring Japan: _bTokyo's Grand Strategy and the Future of East Asia / _c Richard J. Samuels |
||
| 264 |
_aLondon : _bCornell University Press, _c2007. |
||
| 300 |
_a279 p.: _bill.; _c24 cm. |
||
| 653 | _aიაპონიის უსაფრთხოება: ტოკიოს დიდი სტრატეგია და აღმოსავლეთ აზიის მომავალი | ||
| 942 |
_2udc _cᲬᲘᲒᲜᲘ |
||